000
nam a22 7a 4500
999
_c
233676
_d
233676
003
Nust
005
20170309165456.0
008
170309b xxu||||| |||| 00| 0 eng d
040
_c
DLC
082
_a
930.1028 CHA
245
_a
Landscape Archeology and GIS /
_c
Chapman,H
260
_a
Uk:
_b
Tempus ,
300
_a
191p. :
942
_2
ddc
_c
BK